[Event "WchT 7th"]
[Site "Bursa"]
[Date "2010.01.08"]
[Round "4.3"]
[White "Mamedyarov, Shakhriyar"]
[Black "Morozevich, Alexander"]
[Result "1-0"]
[WhiteElo "2741"]
[BlackElo "2732"]
[Annotator "Ftacnik,L"]
[PlyCount "69"]
[EventDate "2010.01.05"]
[EventType "team-tourn"]
[EventRounds "9"]
[EventCountry "TUR"]
[SourceTitle "CBM 134"]
[Source "ChessBase"]
[SourceDate "2010.01.18"]
[SourceVersion "1"]
[SourceVersionDate "2010.01.18"]
[SourceQuality "1"]
[WhiteTeam "Azerbaijan"]
[BlackTeam "Russia"]
[WhiteTeamCountry "AZE"]
[BlackTeamCountry "RUS"]

1. d4 Nf6 2. c4 g6 3. Nc3 d5 4. Nf3 Bg7 5. cxd5 Nxd5 6. e4 Nxc3 7. bxc3 c5 8.
Rb1 O-O 9. Be2 cxd4 10. cxd4 Qa5+ 11. Bd2 Qxa2 12. O-O b6 {Morozevich is ready
to revive an old line of defence, that has fallen into relative disrepute as
dangerous for the defender.} (12... Bg4) 13. Qc1 Bb7 14. Bc4 Qa4 15. Bb5 Qa2
16. Bc4 Qa4 17. Bb5 Qa2 18. Re1 Rc8 19. Qd1 Qc2 20. Qe2 Qc7 21. Rbc1 Qd8 22.
Rxc8 Bxc8 {Black has grabbed the pawn, but is clearly playing with fire.
White's pieces are centralised and well developed, any real crises will find
the defender only halfway prepared.} (22... Qxc8 {Recapturing with the queen
may have its own drawbacks, but it still seems preferable to the rearanging of
the pieces to their initial locations.} 23. Rc1 (23. Bg5 a6 24. Bc4 b5 25. Ba2
Qd7 26. Ne5 $1 $16 Bxe5 27. dxe5 Qe8 28. Qg4 Nc6 29. Qh4 Nb4 30. Bb3 Rc8 31.
Bxe7 Rc3 32. Bxf7+ Qxf7 33. Bxb4 $16 {1-0 Pein,M (2385)-Varley,P/Plymouth 1989
(34)}) 23... Qd8 24. Bf4 a5 (24... a6 25. Ba4 e6 26. Rc7 Bc8 27. Qc4 Bd7 28.
Bxd7 Nxd7 29. Qc6 Nf8 30. Ng5 Qxd4 31. g3 $40 {Ivanov,S-Beshukov,S/Podolsk/
1990/}) 25. Ng5 $1 (25. Rc7 Ba6) 25... Na6 (25... Qxd4 26. Rd1 Qc5 27. Rd8+ Bf8
28. Qa2 $18) (25... Bxd4 26. Qc4 e6 27. Nxe6 $1 fxe6 28. Qxe6+ Kh8 29. Be5+
Bxe5 30. Qxe5+ Kg8 31. Bc4+ $18) 26. Qa2 e6 (26... Qf8 27. Bc4 (27. Nxf7 Nb4
28. Qb3 Qxf7 29. Bc4 Bd5 $1 $19) 27... e6 28. Bxa6 Bxa6 29. Rc7 Qb4 $17) 27.
Bxa6 Bxa6 28. Nxf7 {1-0 Khalifman,A (2615)-Dvoirys,S (2555)/Leningrad 1990 (48)
} Qf6 $1 29. Ne5 Qxf4 30. Qxe6+ Kh8 31. Nf7+ Kg8 $11) 23. Bc4 (23. Rc1 Bd7 24.
e5 Bxb5 25. Qxb5 Nd7 26. Qc6 Nf8 27. Bg5 Rb8 $13 28. d5 {1/2-1/2 Shneider,A 
(2570)-Ernst,T (2480)/Reykjavik 1994 (39)}) (23. Bf4 Bd7 24. Rc1 a6 25. Bc4 e6
26. d5 b5 27. Bb3 a5 28. dxe6 fxe6 29. Qa2 Qe8 {1-0 Tishin,P (2498)-Sosulin,E 
(2339)/Donskoj 2002 (41)} 30. Ng5 Na6 31. Nxe6 Bxe6 32. Bxe6+ Kh8 $14) 23... a5
{Black is threatening ...Ba6, since the natural bishop move 23...Bb7 fails
tactically.} (23... Bb7 24. Bxf7+ $1 Kxf7 25. Ng5+ Ke8 26. Ne6 Qd6 27. Nxg7+
Kf7 28. Bh6 $16) 24. Ng5 e6 25. d5 h6 26. dxe6 $1 {White has not created the
crisis in order to meekly retreat from the battle.} hxg5 (26... fxe6 27. Nxe6
Bxe6 28. Bxe6+ Kh7 29. Bd5 $16) 27. exf7+ Kh7 $146 {[%mdl 4] It is difficult
to judge, how much the players had known about the problems from their home
preparation. Black has tried  27..Kf8 before, but it seem to be insufficient
as well.} (27... Kf8 28. e5 Ra7 (28... Nc6 29. e6 $36) 29. e6 Nc6 30. Bc1 Bf6 {
1-0 Sherbakov,R (2565)-Konguvel,P (2395)/Kolkata 1996 (40)} 31. Ba3+ Nb4 32.
Rd1 Qe7 33. Qe4 $16) 28. e5 Nc6 29. Bd3 $6 {Mamedyarov was in trully stellar
form in Bursa, but now he stumbles and misses a great solution.} (29. e6 $1 Nd4
(29... Ra7 30. Bd3 Bh6 (30... g4 31. Qxg4 Qxd3 32. Qh4+ Bh6 33. Qxh6#) 31.
Bxg6+ Kxg6 32. Qe4+ Kf6 33. Bc3+ Ke7 34. Qg6 $18) (29... Ne5 30. Qe3 Nxc4 31.
e7 $1 Qd5 32. Qxg5 (32. Qe4 Qxe4 33. Rxe4 Bd7 34. Rxc4 Bf8 35. Re4 $18) 32...
Qxg5 33. Bxg5 Bd7 34. Re4 Bf8 35. Rxc4 Kg7 36. Rc7 Bxe7 37. Bxe7 Kxf7 38. Rxd7
$18) 30. e7 $3 Nxe2+ 31. Rxe2 Bg4 32. exd8=Q Rxd8 33. f3 Bf5 34. Bxg5 Rc8 35.
Re8 Rxc4 36. Bf6 Rc7 37. Rh8+ $3 Bxh8 38. f8=Q Bxf6 39. Qxf6 $18) 29... Bf5 $2
(29... g4 30. e6 Ne5 31. Bc3 Bxe6 32. Bxe5 Bxf7 33. Be4 Rc8 34. Qxg4 Bxe5 35.
Qh5+ Kg8 36. Qxe5 Qd2 $15) (29... Nxe5 30. Qh5+ Bh6 31. Rxe5 $18) 30. Bxf5 gxf5
31. e6 $6 {The small comedy of errors continues, as the problems on the board
are to complex for the solution at the board. White should have given the
tempting check on h5.} (31. Qh5+ $1 Bh6 32. Bc3 (32. h4 Qxd2 33. Rd1 Qxd1+ (
33... Qc2 34. hxg5 Qxd1+ 35. Qxd1 $18) 34. Qxd1 Nxe5 35. Qd5 Rf8 36. Qxe5 Rxf7
37. Qe6 $16) 32... Ne7 (32... Qd3 33. Rd1 Qxc3 34. f8=Q Rxf8 35. Rd7+ $18) 33.
e6 Rc8 34. Bf6 g4 35. Bg5 Qf8 36. Rc1 (36. Bxe7 Qxe7 37. Qxf5+ Kh8 38. Qxg4)
36... Rd8 37. Kf1 f4 38. Qh4 $18) 31... g4 (31... Kg6 $1 32. g4 Nd4 33. Qe3 Qe7
34. Bc3 Rd8 35. f8=Q Rxf8 36. Bxd4 Bxd4 37. gxf5+ Rxf5 38. Qxd4 $14) 32. h3 Nd4
$6 {At this stage, there might not have been any solution for the defender.
The knight centralisation is only pushing White in the right direction.} (32...
Qd5 33. hxg4 fxg4 34. Qxg4 Qxd2 35. Qf5+ Kh8 36. Re3 Qc1+ 37. Kh2 Be5+ 38. g3
$1 (38. Rxe5 Qh6+ 39. Qh5 Qxh5+ 40. Rxh5+ Kg7 41. Rg5+ Kh7 $11) 38... Kg7 39.
Qg5+ Kh7 40. e7 $18) 33. Qe3 Nc2 (33... Qf6 34. hxg4 Rh8 35. Qh3+ Kg6 36. Qg3
f4 37. Qd3+ Kh6 38. Qe4 $18) 34. Qf4 Qd5 (34... Nxe1 35. Qxf5+ Kh8 36. Qh5+ $18
) (34... Qf6 35. hxg4 Nxe1 36. Qh2+ Bh6 37. Bxh6 Nf3+ 38. gxf3 Qxe6 39. Bf8+
Kg6 40. Qh5+ Kf6 41. g5+ Ke5 42. g6 Rxf8 43. g7 $18) 35. Qg5 {White's position
was so good, that he might also have resolved things with the brutal rook
sacrifice.} (35. Re5 Qxe5 36. Qxe5 Bxe5 37. e7 $18) 1-0

[Event "Brno Morava-B"]
[Site "Brno"]
[Date "1991.??.??"]
[Round "11"]
[White "Aseev, Konstantin N"]
[Black "Mikhalchishin, Adrian"]
[Result "1/2-1/2"]
[WhiteElo "2525"]
[BlackElo "2520"]
[Annotator "Ftacnik,L"]
[PlyCount "65"]
[EventDate "1991.09.??"]
[EventType "tourn"]
[EventRounds "11"]
[EventCountry "CZE"]
[EventCategory "10"]
[SourceTitle "CBM 026"]
[Source "ChessBase"]
[SourceDate "1992.02.01"]
[SourceVersion "1"]
[SourceVersionDate "1992.02.01"]
[SourceQuality "1"]

1. d4 Nf6 2. c4 g6 3. Nc3 d5 4. cxd5 Nxd5 5. e4 Nxc3 6. bxc3 Bg7 7. Bb5+ Bd7 8.
Be2 c5 9. Nf3 cxd4 10. cxd4 Bc6 11. Qd3 f5 (11... Na6 12. Rb1 f5 13. exf5 Qa5+
14. Bd2 Qxf5 15. Qxf5 gxf5 16. Bb5 Nc7 17. Bxc6+ bxc6 18. Ke2 Nb5 $6 19. d5 $1
$16 {Dokhoian-Mikhailchishin/Klaipeda/1988/}) 12. exf5 Qa5+ 13. Bd2 Qxf5 14.
Qxf5 gxf5 15. Rc1 Bd5 16. Bc4 {N} (16. Rc5 $6 e6 17. Rc7 O-O 18. O-O Nc6 19.
Rxb7 Rfb8 $6 (19... Rab8 $1 $15) 20. Ba6 $10 {Sokolov,I-Ftacnik,L/Haninge/1989/
}) 16... Bxf3 (16... Bxc4 17. Rxc4 Nc6 18. d5 Ne5 19. Rc7 $14) 17. gxf3 Nc6 (
17... Bxd4 18. Be6 Nc6 19. Bxf5 $14) 18. d5 (18. Bb5 Bxd4 19. Rxc6 bxc6 20.
Bxc6+ Kf7 21. Bxa8 Rxa8 $10) 18... Nd4 (18... Ne5 19. Bb5+ Kf7 20. Ke2 Rhc8 21.
f4 Ng6 22. Bd7 $14) 19. Be3 Rc8 (19... Nxf3+ 20. Ke2 Nd4+ 21. Kd3 Nf3 22. Bb5+
Kf7 23. Rc7 $36) 20. O-O (20. Bxd4 Bxd4 21. Bb5+ Kf7 $10) 20... Kd7 (20...
Nxf3+ 21. Kg2 Ne5 22. Bb5+ Kf7 23. Bxa7 $14) 21. f4 b5 $1 22. Bd3 (22. Bxd4
Rxc4 23. Rxc4 bxc4 24. Bxg7 Rg8 25. Rc1 Rxg7+ 26. Kf1 Rg6 27. Rxc4 Ra6 28. a4
Ra5 $10) 22... Kd6 23. Rfd1 (23. Bxd4 Bxd4 24. Bxf5 Rhg8+ 25. Kh1 Rxc1 26. Rxc1
Kxd5 $10) 23... a6 24. Rb1 (24. Rxc8 Rxc8 25. Bxd4 Bxd4 26. Bxf5 Rg8+ 27. Kf1
Kxd5 $10) 24... Rc3 25. a4 Rb8 26. axb5 (26. Bxd4 Bxd4 27. Bxf5 Kxd5 $10) 26...
axb5 27. Rb4 Nc2 28. Bxc2 Rxc2 29. Rdb1 Kxd5 30. Rxb5+ Rxb5 31. Rxb5+ Ke6 32.
Kg2 Rc4 33. Kf3 {Ftacnik,L} 1/2-1/2

[Event "Lazne Bohdanec"]
[Site "Lazne Bohdanec"]
[Date "1994.??.??"]
[Round "1"]
[White "Haba, Petr"]
[Black "Pribyl, Josef"]
[Result "1-0"]
[WhiteElo "2475"]
[BlackElo "2395"]
[Annotator "Ftacnik,L"]
[PlyCount "49"]
[EventDate "1994.02.??"]
[EventType "tourn"]
[EventRounds "11"]
[EventCountry "CZE"]
[EventCategory "10"]
[SourceTitle "CBM 040"]
[Source "ChessBase"]
[SourceDate "1994.06.01"]
[SourceVersion "1"]
[SourceVersionDate "1994.06.01"]
[SourceQuality "1"]

1. d4 Nf6 2. c4 g6 3. Nc3 d5 4. cxd5 Nxd5 5. e4 Nxc3 6. bxc3 Bg7 7. Nf3 c5 8.
Rb1 O-O 9. Be2 Nc6 10. d5 Ne5 11. Nxe5 Bxe5 12. c4 Qc7 13. Qd2 Bd4 14. O-O e5
15. Rb3 $5 (15. Bb2 f5 16. Bd3 $13) 15... f5 16. exf5 Bxf5 (16... gxf5 17. Rg3+
Kh8 18. Qh6 Qe7 19. Bg5 Qg7 20. Qxg7+ Kxg7 21. Be7+ $18) 17. Qg5 Rf7 18. Qh4
Re8 (18... b6 $14) 19. Bg4 Qa5 20. Rf3 (20. Bxf5 Rxf5 21. Rxb7 $2 Bxf2+ $1)
20... Qxa2 $2 (20... e4 21. Rxf5 $5 (21. Bxf5 exf3 22. Be6 Ref8 (22... Rxe6 23.
dxe6 Rf6 24. Qe4 fxg2 25. Kxg2 $16) 23. Bh6 Bg7 24. Bxg7 Kxg7 25. Bxf7 Rxf7 26.
Qe4 fxg2 27. Kxg2 $10) 21... gxf5 22. Bh5 (22. Bxf5 Kh8) 22... Ref8 23. Bxf7+
Rxf7 24. Qg3+ Bg7 25. Bb2 $36) (20... Ref8 $1 21. Bh6 (21. Bxf5 Rxf5 22. Rxf5
Rxf5 23. Bh6 (23. Be3 $10) 23... Qc7 (23... Rh5 24. Qe7 Rxh6 25. d6 $18) (23...
Rxf2 24. Qxf2 Bxf2+ 25. Rxf2 Qd8 26. Kf1 a6 27. a4 $18) 24. Qe4 $10) 21... Bxg4
22. Rxf7 (22. Qxg4 Rxf3 23. gxf3 Rf5 $17) 22... Rxf7 23. Qxg4 Rxf2 24. Qe6+ Kh8
25. Be3 Rxf1+ 26. Kxf1 $10) (20... Bxg4 21. Rxf7 Kxf7 22. Qxh7+ Kf6 23. h4 $1
$18) 21. Bxf5 gxf5 22. Rxf5 Ref8 (22... Rxf5 23. Qg4+ Kh8 24. Qxf5 Qxc4 25. d6
Qd5 (25... Qe6 $2 26. d7) 26. d7 Rb8 27. Bg5 $18) (22... Ree7 23. Bh6 Rxf5 24.
Qxe7 $18) 23. Qg3+ (23. Bh6 e4 24. Rxf7 Kxf7 25. Bxf8 $18) 23... Kh8 24. Bh6
Bxf2+ (24... Rg8 25. Rxf7 Rxg3 26. hxg3 $18) (24... Qxf2+ 25. R1xf2 Bxf2+ 26.
Rxf2 $18) 25. R5xf2 1-0

[Event "Pardubice"]
[Site "Pardubice"]
[Date "1993.??.??"]
[Round "8"]
[White "Chernin, Alexander"]
[Black "Stohl, Igor"]
[Result "1-0"]
[WhiteElo "2615"]
[BlackElo "2545"]
[Annotator "Ftacnik,L"]
[PlyCount "80"]
[EventDate "1993.07.??"]
[EventType "tourn"]
[EventRounds "9"]
[EventCountry "CZE"]
[EventCategory "14"]
[SourceTitle "CBM 037"]
[Source "ChessBase"]
[SourceDate "1993.12.01"]
[SourceVersion "1"]
[SourceVersionDate "1993.12.01"]
[SourceQuality "1"]

1. d4 Nf6 2. c4 g6 3. Nc3 d5 4. cxd5 Nxd5 5. e4 Nxc3 6. bxc3 Bg7 7. Nf3 c5 8.
Rb1 O-O 9. Be2 Nc6 10. d5 Bxc3+ 11. Bd2 Bxd2+ 12. Qxd2 Na5 13. h4 Bg4 14. h5
Bxf3 15. gxf3 e5 16. hxg6 fxg6 17. d6 $1 b6 (17... Rf6 18. Qd5+ Kh8 19. Qxe5 b6
20. Rd1 Nc6 21. Qd5 Nd4 22. e5 Rf5 23. Rxd4 cxd4 24. Bd3 Rc8 25. Bxf5 Rc1+ 26.
Ke2 Rxh1 27. e6 $18 {Novikov,I-Danailov,S/Poznan/1-0 (37)}) 18. Qd5+ Kg7 19.
Qxe5+ Qf6 20. Qh2 h5 21. Qg3 Nc6 $5 (21... Rad8 22. Rd1 Nc6 23. Rxh5 Nd4 24. e5
Qe6 25. Rxd4 cxd4 26. Bd3 Rxf3 27. Qxf3 $18 {Genov,Petko-Donchev,D/BLG-ch/1992/
}) 22. Rd1 $1 (22. Rxh5 $6 Rh8 23. e5 Qe6 24. f4 $2 Rxh5 25. Bxh5 Qf5 $19)
22... Kh6 $1 $8 (22... Qc3+ $6 23. Kf1 Nd4 24. Rxh5 $18) (22... Rae8 23. Rxh5
Rh8 24. d7 $1 Rd8 (24... Rxh5 25. dxe8=N+ $1) 25. Rd6 $18) (22... Nd4 23. Rxh5
Rh8 24. Rd5 $1 Rh1+ 25. Kd2 $16) 23. Rd5 (23. Rg1 h4 $1 24. Qh3 g5 $13) 23...
Nb4 (23... Nd4 24. f4 Nxe2 25. Qg5+ $16) (23... Rae8 $5 24. f4 Qa1+ $1 $8 25.
Rd1 Qf6 26. Rd5 Qa1+ 27. Rd1 Qf6 28. f3 $3 Nd4 (28... Qxf4 $2 29. Qxf4+ Rxf4
30. Bb5 $18) 29. f5 g5 $4 (29... gxf5 $5 30. d7 $1 Re6 (30... Re7 31. Kf2 Qg6
32. Qf4+ $18) 31. f4 $3 Nxe2 32. Kxe2 Qb2+ 33. Kf1 Qb5+ (33... Rg6 34. Rxh5+)
34. Qd3 $1 Qxd3+ 35. Rxd3 Rd8 36. e5 {/\ Rdh3+-}) 30. Rxh5+ {1-0/Gelfand,
B-Stohl,I/Tilburg/1992/}) 24. Re5 $1 (24. Rdxh5+ $2 gxh5 25. f4 Nc2+ (25...
Qa1+ 26. Bd1 Rf5 $1 27. Qg4 $1 $10) 26. Kd2 (26. Kf1 Qa1+ 27. Kg2 Ne1+ 28. Rxe1
Qxe1 $10) 26... Qd4+ 27. Kxc2 Qxe4+ 28. Bd3 Qa4+ $10) 24... Nc2+ (24... Rae8
25. f4) (24... Nc6 25. f4 $1 (25. Rexh5+ gxh5 26. f4 Qa1+ 27. Bd1 Rf5 $1 28. d7
$5 (28. Qg4 $2 Qc3+ 29. Kf1 Qc4+ $1 30. Be2 Qxe4 $17 (30... Qc1+ 31. Bd1 $10))
28... Qb1 $1 29. exf5 Qe4+ 30. Kd2 Qd4+ $10) 25... Nxe5 26. fxe5 Qf4 (26... Qf7
27. Rg1 $1) 27. Qxf4+ Rxf4 28. f3 $18) (24... Qf4 $2 {Stohl} 25. Rhxh5+ gxh5
26. Re6+ Qf6 (26... Kh7 27. Qg6+ Kh8 28. Qxh5+ Kg7 29. Rg6+ Kf7 30. Rh6+ $18))
25. Kd1 Nd4 26. f4 Nxe2 27. Kxe2 Rad8 (27... Qxf4 28. Rhxh5+ $5 (28. Qxf4+ Rxf4
29. Re7 $18 {Gelfand}) 28... gxh5 29. Re6+ Qf6 30. Rxf6+ Rxf6 31. e5 $18) 28.
Qg4 $1 Rxd6 29. Rexh5+ Kg7 30. Rh7+ Kg8 31. e5 Qe6 32. Qxe6+ Rxe6 33. Ke3 c4
34. Ke4 Rc6 35. Kd5 Rc5+ 36. Ke6 g5 (36... Re8+ 37. Kd7 $18) 37. Rh8+ Kg7 38.
R8h7+ $138 Kg8 39. Rh8+ Kg7 40. R1h7+ Kg6 (40... Kg6 41. f5+ Rxf5 42. Rh6+ Kg7
43. Kxf5 $18) 1-0

[Event "Interzonal-16"]
[Site "Biel"]
[Date "1993.??.??"]
[Round "3"]
[White "Sokolov, Ivan"]
[Black "Malisauskas, Vidmantas"]
[Result "1-0"]
[WhiteElo "2610"]
[BlackElo "2540"]
[Annotator "Ftacnik,L"]
[PlyCount "121"]
[EventDate "1993.07.16"]
[EventType "swiss"]
[EventRounds "13"]
[EventCountry "SUI"]
[SourceTitle "CBM 037"]
[Source "ChessBase"]
[SourceDate "1993.12.01"]
[SourceVersion "1"]
[SourceVersionDate "1993.12.01"]
[SourceQuality "1"]

1. d4 Nf6 2. c4 g6 3. Nc3 d5 4. cxd5 Nxd5 5. e4 Nxc3 6. bxc3 Bg7 7. Bb5+ Bd7 8.
Be2 c5 9. Nf3 Nc6 10. Rb1 $5 (10. h3) 10... cxd4 (10... Qa5 11. Bd2 cxd4 12.
cxd4 Qxa2 {-> 10... cd4}) 11. cxd4 Qa5+ 12. Bd2 Qxa2 13. Rxb7 Rb8 $1 (13...
Nxd4 $6 14. Nxd4 (14. Rxd7 Kxd7 15. Nxd4 Bxd4 16. Bc3 e5 17. Bxd4 exd4 18.
Qxd4+ Ke7 19. Qc5+ Kf6 20. Qd4+ Ke7 $10) 14... Bxd4 15. O-O $44 {-> /\ 15...
Ba4? 16. Re7! Ke7 17. Bb4+-, /\} Rd8 16. Rxd7 $1 (16. Ba5 Bxf2+ $1) 16... Kxd7
(16... Rxd7 17. Bb5) 17. Bc3 e5 18. Bxd4 exd4 19. Qxd4+ Ke7 20. Qc5+ Kf6 21.
Qc3+ $1 Ke7 22. Bc4 {/\ Qe5+-}) 14. Rxb8+ Nxb8 15. O-O O-O 16. Qb1 $1 Qxb1 (
16... Qa4 $6 17. Rc1 $16) 17. Rxb1 Bg4 (17... Nc6 $2 18. d5 Nd4 (18... Rb8 $2
19. Rxb8+ Nxb8 20. Bf4 $18) 19. Nxd4 Bxd4 20. Rb7) 18. d5 Nd7 19. h3 Bxf3 20.
Bxf3 Rb8 21. Rxb8+ Nxb8 22. Be2 $14 {|^_|_^^} Nd7 23. Bb4 Kf8 24. Bb5 Nb6 25.
Bc5 {><a7, Nb6} Be5 26. Kf1 Bd6 (26... f6 27. Ke2 {/\ g3, f4}) 27. Bd4 e5 28.
dxe6 fxe6 29. e5 $1 $16 {><e6, g6} Bb4 30. g3 (30. Ke2 $6 Nd5) 30... Ke7 31. f4
h5 32. Kf2 Kf7 33. Kf3 Ba3 34. Bd3 Bb4 35. Bc2 $6 (35. g4 $1 hxg4+ 36. hxg4 Ba3
(36... Nc8 37. Bc4 Ke7 38. Ba6 Nb6 39. Bd3 Kf7 40. Bf2 Nc8 41. Bc4 Ke7 42. Bh4+
Kd7 43. Bb5+ Kc7 44. Bd3 Ne7 45. Bxe7 Bxe7 46. Bxg6 {/\ f5-f6+-}) 37. Bf2 Bb4
38. Bc2 Ba3 39. Bb3 {/\ f5} Ke7 40. Bh4+ Kd7 41. Bc2 $18) 35... Nc8 $1 36. Bb3
a5 37. g4 hxg4+ 38. hxg4 Ne7 (38... Ke7 39. Bf2 {/\ Bh4, Bc2}) 39. Ke4 Bd2 40.
Bb2 Bb4 41. Bc1 Be1 42. Kd4 Bf2+ 43. Kd3 Be1 {(.)} (43... Nc6 44. Ke4 Ne7 (
44... Ke7 45. Bd2) 45. Bd2) 44. Bc4 Bb4 45. Kc2 $1 {/\ Kb3-a4-b5 ><e6} a4 46.
Kd3 $1 a3 (46... Bc5 47. Bb5 a3 48. Bc4 {- 46... a3}) 47. Ke4 Nc6 (47... Bc5
48. Bd2 {(.)} Nc6 (48... Bb6 49. Bb4 {/\ Ba3}) 49. f5) 48. f5 gxf5+ 49. gxf5
Nd8 50. fxe6+ $1 Kg6 (50... Kf8 51. Kd5) 51. Kd5 $1 Be7 52. Bd2 Kg7 (52... Kf5
53. Bd3+ Kg4 54. Bb1 {/\ Ba5-c7-d6}) 53. Ba5 Kf8 54. Bc7 Ke8 55. Ba2 Nb7 56.
Bd6 Na5 (56... Nxd6 57. exd6 Bg5 58. Bb3 Kd8 59. Kc4 Bf6 (59... Kc8 60. Ba4 $1
a2 (60... Kd8 61. Kb3) 61. e7) 60. Kb4 Kc8 61. Ba4 Kd8 (61... Be5 62. Kc5 {
/\ e7}) 62. Kxa3 {/\ Kb3-c4}) 57. Kc5 Nb7+ 58. Kc6 Nxd6 (58... Na5+ 59. Kb6
Bd8+ 60. Bc7 Bxc7+ 61. Kxc7 {/\ Kb6}) 59. exd6 Bh4 60. Kc7 Bg3 61. Bc4 {
/\ Bb5, e7} (61. Bc4 Bh4 62. d7+) 1-0

[Event "Dos Hermanas"]
[Site "Dos Hermanas"]
[Date "1993.??.??"]
[Round "4"]
[White "Karpov, Anatoly"]
[Black "Fernandez Garcia, Jose Luis"]
[Result "1-0"]
[WhiteElo "2725"]
[BlackElo "2475"]
[Annotator "Ftacnik,L"]
[PlyCount "53"]
[EventDate "1993.04.??"]
[EventType "tourn"]
[EventRounds "9"]
[EventCountry "ESP"]
[EventCategory "14"]
[SourceTitle "CBM 036"]
[Source "ChessBase"]
[SourceDate "1993.10.01"]
[SourceVersion "1"]
[SourceVersionDate "1993.10.01"]
[SourceQuality "1"]

1. d4 Nf6 2. c4 g6 3. Nc3 d5 4. cxd5 Nxd5 5. e4 Nxc3 6. bxc3 Bg7 7. Be3 c5 8.
Qd2 O-O 9. Nf3 Qa5 10. Rc1 b6 $2 (10... cxd4 11. cxd4 Qxd2+ 12. Kxd2 Rd8 13.
Bb5 Bg4 14. Rc7 Nc6 15. d5 Rab8 $1 16. Bf4 $1 e6 17. Ng5 exd5 18. Nxf7 Rdc8 $5
19. exd5 Rxc7 20. Bxc7 Rc8 21. dxc6 Rxc7 22. Bc4 $5 Kf8 23. Nd8 bxc6 24. Ne6+
Bxe6 25. Bxe6 $10) (10... e6 11. Bh6 $1 Nc6 12. h4 $1 cxd4 13. Bxg7 Kxg7 14.
cxd4 Qxd2+ 15. Kxd2 Rd8 16. Ke3 Bd7 17. Rb1 Rab8 18. Bd3 Ne7 19. h5 f6 20. hxg6
hxg6 $16 {Karpov,An-Kasparov,G/Lyon/1990/}) 11. d5 Bg4 12. Ng5 $1 Na6 (12... h6
13. h3 $1) 13. h3 Bd7 14. Be2 Rad8 15. O-O e6 16. Bf4 $1 Ba4 17. Rfe1 exd5 18.
exd5 b5 19. d6 h6 20. Ne4 Kh7 21. h4 $1 Qb6 $6 (21... c4) 22. Bd3 $1 c4 23. Bb1
Nc5 24. h5 Nd3 25. Bxd3 cxd3 26. Qxd3 Qc6 27. Qh3 (27. Qh3 Rfe8 (27... g5 28.
Qf5+ Kg8 29. Bxg5 $1 hxg5 30. Nxg5 Rfe8 31. Qxf7+ Kh8 32. h6 $18) 28. hxg6+
fxg6 29. Ng5+ Kg8 30. Ne6) 1-0